000 01570nam a2200337 c 4500
003 BLK
005 20180420214926.0
008 180412b bul|||||r ||||||| ||bul||
010 _aKNG00015876000
020 _a954-90222-1-8
_bиздат.: МТ-студио
040 _aBLK
041 _aBUL
_cBUL
080 _aСоциография. Социално положение. Условия на политическия и социалния живот. Социално и социално-икономическо положение на отделните страни, народи, раси. Социална география. (Общи въпроси)
_b308
_x(491.1)
_z308(491.1)
080 _aБългарска литература
_b821.163.2
_x-992
_z821.163.2-992
700 1 _aКръстов, Константин
_9259017
100 1 _aКръстов - Каменар, Константин
_eпърви автор
_9259018
139 _aКръстов, Константин
_bК 92
245 1 0 _aРандеву с леда и огъня
_bСага за Исландия
_c Константин Кръстов; Константин Кръстов - Каменар.
257 _aBGR
260 София
_bМТ-студио
_c1996
300 _a272 с.
_c21 см
380 _a3
650 4 _aИсладния - пътеписи
_9259019
653 _aИсландия
653 _aпътеписи
852 _aЦб 191432
856 4 _qpdf
_u
856 4 _qpdf
_u
942 _cKNG
_n0
944 _aCR
_c15.01.2003
_kГеновева_Генчева
944 _aED
_c16.03.2006
_k
999 _c14179
_d14179